000 00277nam a22001337a 4500
008 181217b xxu||||| |||| 00| 0 eng d
020 _a1560534826
041 _aeng
080 _a616.5
100 _a7
101 _aDER
245 _aDerm Facts
_cSams, H.H
942 _2udc
_cBK
999 _c53316
_d53316